Chilenismos - Estadísticas

Estadísticas generales
  • Esta prueba ha sido intentada 2.340 veces
    2.308 desde el último reinicio
  • La puntuación promedio es 15 de 25
Estadísticas de respuestas
Chilenismo Significado % Correcto
Weón/a Persona, Amigo/a, Tonto/a
92%
Pololo/a Novio/a
89%
Weá Cosa
87%
Aweonao Muy tonto
87%
Cachar Entender
73%
Guagua Bebé
72%
Guatón/a Gordo/a
71%
Cabro/a Niño/a, Adolescente, Joven
70%
Fome Aburrido
68%
Carrete Fiesta
68%
Cuea Suerte
63%
Curao/a Borracho/a
62%
Altiro De inmediato, En un momento
60%
Paja Flojera
60%
Laucha Ratón pequeño
58%
Cahuín Chisme
56%
Chala Sandalia
56%
Guarén Ratón o Rata grande
54%
Gallo/a Hombre/Mujer
46%
Chasquilla Flequillo
40%
Cuncuna Oruga
37%
Antártica Antártida
34%
Ganarse (Usado con más frecuencia en el Sur de Chile) Ponerse, Ubicarse
33%
Habiloso (Usado con más frecuencia en el Norte de Chile) Habilidoso, Talentoso
28%
Quiltro Perro callejero, Perro mestizo
26%
No se encontraron pruebas coincidentes
Distribución de puntuación
Porcentaje de gente con cada puntuación
Porcentaje por número respondido
Historial de tus puntuaciones
No has intentado esta prueba desde el último reinicio